| 000 | 00909cam a2200277 4500 | ||
|---|---|---|---|
| 001 | ABS62302 | ||
| 008 | 000000n2000 000 0 eng u | ||
| 035 | _a(Sirsi) u106308 | ||
| 100 | _aCatalano, A. | ||
| 245 | _aBrits bewitched at last | ||
| 260 | _c2000 | ||
| 490 |
_aEstates Gazette _v (0019) 13 May 2000, 66-83(7) |
||
| 520 | _aFeature on property securitisation. Considers the concept, provides examples and looks at recent developments in securitisation deals in the UK and Europe. Tables. | ||
| 590 | _aABS | ||
| 650 | _aPROPERTY SECURITISATION | ||
| 650 | _aUNITED KINGDOM | ||
| 650 | _aEUROPE | ||
| 650 | _aSAINSBURY'S | ||
| 650 | _aCANARY WHARF | ||
| 650 | _aBROADGATE | ||
| 650 | _aEUROPA ONE | ||
| 650 | _aCOMMERCIAL MORTGAGE-BACKED SECURITIES | ||
| 690 | _aPROPERTY-COMMERCIAL PROPERTY-COMMERCIAL PROPERTY FINANCE AND INVESTMENT | ||
| 700 | _aFrampton, R. | ||
| 942 | _n0 | ||
| 999 |
_c63668 _d63668 |
||